<?xml version="1.0" encoding="UTF-8"?><?xml-stylesheet type="text/xsl" href="static/style.xsl"?><OAI-PMH xmlns="http://www.openarchives.org/OAI/2.0/" xmlns:xsi="http://www.w3.org/2001/XMLSchema-instance" xsi:schemaLocation="http://www.openarchives.org/OAI/2.0/ http://www.openarchives.org/OAI/2.0/OAI-PMH.xsd"><responseDate>2026-04-14T07:51:33Z</responseDate><request verb="GetRecord" identifier="oai:www.recercat.cat:20.500.14342/5294" metadataPrefix="marc">https://recercat.cat/oai/request</request><GetRecord><record><header><identifier>oai:recercat.cat:20.500.14342/5294</identifier><datestamp>2025-06-07T19:18:01Z</datestamp><setSpec>com_2072_482405</setSpec><setSpec>com_2072_183628</setSpec><setSpec>col_2072_482412</setSpec></header><metadata><record xmlns="http://www.loc.gov/MARC21/slim" xmlns:dcterms="http://purl.org/dc/terms/" xmlns:xsi="http://www.w3.org/2001/XMLSchema-instance" xmlns:doc="http://www.lyncode.com/xoai" xsi:schemaLocation="http://www.loc.gov/MARC21/slim http://www.loc.gov/standards/marcxml/schema/MARC21slim.xsd">
   <leader>00925njm 22002777a 4500</leader>
   <datafield ind2=" " ind1=" " tag="042">
      <subfield code="a">dc</subfield>
   </datafield>
   <datafield ind2=" " ind1=" " tag="720">
      <subfield code="a">Berga Timoneda, Anna</subfield>
      <subfield code="e">author</subfield>
   </datafield>
   <datafield ind2=" " ind1=" " tag="720">
      <subfield code="a">Sáez Giol, Lluís</subfield>
      <subfield code="e">author</subfield>
   </datafield>
   <datafield ind2=" " ind1=" " tag="720">
      <subfield code="a">Fàbregues, Sergi</subfield>
      <subfield code="e">author</subfield>
   </datafield>
   <datafield ind2=" " ind1=" " tag="720">
      <subfield code="a">Meneses, Julio</subfield>
      <subfield code="e">author</subfield>
   </datafield>
   <datafield ind2=" " ind1=" " tag="260">
      <subfield code="c">2013-11-01</subfield>
   </datafield>
   <datafield ind2=" " ind1=" " tag="520">
      <subfield code="a">El present estudi sociològic té com a objectiu principal esbrinar com afecta el fenomen de&#xd;
la violència el col·lectiu de joves de la societat catalana. No era una empresa fàcil, sobretot&#xd;
si no es volia fer que fos recurrent i que refermés els innombrables tòpics que abunden&#xd;
sobre aquesta qüestió.&#xd;
És per això que primerament l’estudi es planteja què entenem pel fenomen de violència i&#xd;
quins tipus de violències es donen, pluralitat obligada si hom vol ser rigorós amb l’ampli&#xd;
espectre que adopta el fenomen.&#xd;
Acte seguit s’estudien aquestes violències en la mesura que s’associen amb el fet de ser&#xd;
jove. Però parlem de les violències que afecten les persones joves en sentit ampli altre&#xd;
cop, i per tant, analitzem els i les joves com a practicants de les diferents violències detectades, però alhora també com a víctimes d’aquestes violències. Tot i que l’estudi, per&#xd;
abastar una major riquesa explicativa, combina una aproximació quantitativa i qualitativa;&#xd;
l’enfocament comprensiu té força més recorregut en l’estudi, atès que vam considerar&#xd;
que calia sobretot obtenir claus interpretatives de la realitat analitzada. De manera que&#xd;
això ha fet que en el treball de camp prenguin especial protagonisme els actors que es veuen sovint implicats directament o indirecta en aquestes situacions. Això inclou donar veu,&#xd;
òbviament, als mateixos joves, però també a altres col·lectius que treballen amb joves o&#xd;
que afronten dia a dia la problemàtica de les violències que els afecten.&#xd;
Finalment, val a dir que atenem principalment als factors causals de les violències, de manera que volem remarcar les violències com a símptoma derivat d’altres problemàtiques&#xd;
socials. Creiem que assumir aquest punt de partida és el que més ens pot ajudar de cara&#xd;
a trobar possibles solucions a aquesta problemàtica. Modestament, aspirem que aquest&#xd;
estudi hagi estat d’ajut per assolir aquesta fita.</subfield>
   </datafield>
   <datafield ind1="8" ind2=" " tag="024">
      <subfield code="a">http://hdl.handle.net/20.500.14342/5294</subfield>
   </datafield>
   <datafield tag="653" ind2=" " ind1=" ">
      <subfield code="a">Violències juvenils</subfield>
   </datafield>
   <datafield tag="653" ind2=" " ind1=" ">
      <subfield code="a">Diagnosi social</subfield>
   </datafield>
   <datafield tag="653" ind2=" " ind1=" ">
      <subfield code="a">Polítiques de joventut</subfield>
   </datafield>
   <datafield ind2="0" ind1="0" tag="245">
      <subfield code="a">Diagnosi sobre les violències que afecten les persones joves</subfield>
   </datafield>
</record></metadata></record></GetRecord></OAI-PMH>